000 00864nas a2200289 4500
001 BR0304380
003 BR-BrBNA
005 20231205104027.0
007 ta
008 230509b bl.|||p| |||| 00| 00por d
040 _aBR-BrBNA
_bpor
_cBiblioteca Nacional de Agricultura
041 _a(En)
072 _aL70; L53
100 1 _aLeal, C.L.V.
100 1 _aMéo, S.C.
100 1 _aGarcia, J.M.
245 1 _aActivation of bovine oocytes by strontium combined or not with an electric pulse
650 _aBOVINO
650 _aÓVULO
650 _aVETERINÁRIA
650 _aESTRÔNCIO
650 _aOVÁRIO
650 _aCULTURA IN VITRO
773 0 _tArquivo Brasileiro de Medicina Veterinária e Zootecnia (Brazil)
_xISSN 0102-0935
_g(Jun 2003), v. 55(3) p. 371-373
_wBR0304380
909 _a202311
_bLúcia
_c55
_dLúcia Elande
942 _2AGRIS
_n0
_cANA
999 _c176007
_d176007